Terjebak di planet Marikh

Bibliographic Details
Main Author: Azarina Badrul
Format: Book
Published: Kuala Lumpur : Jade Garden Publications , 2005
Series:Siri lompatan quantum
Subjects:

MARC

LEADER 00000cam a2200000 7i4500
001 0000001185
005 20151222.0
008 070703
020 |a 9831980190(set) 
020 |a 9831980255 
090 0 0 |a JF   |b SC MAL (1411) 
100 0 |a Azarina Badrul 
245 1 0 |a Terjebak di planet Marikh   |c Azarina Badrul 
260 |a Kuala Lumpur :   |b Jade Garden Publications ,   |c 2005 
440 |a Siri lompatan quantum 
500 |a Children ages 7-9 years old (orange) 
650 0 |a Judul 
650 0 |a Malay fiction 
650 0 |a Science fiction, Malay 
650 0 |a Siri 
999 |a 0000957141   |b Book   |c Children Collection   |e Perbadanan Perpustakaan Awam Johor 
999 |a 0000957142   |b Book   |c Children Collection   |e Perbadanan Perpustakaan Awam Johor 
999 |a 0000957143   |b Book   |c Children Collection   |e Perbadanan Perpustakaan Awam Johor 
999 |a 0000968694   |b Book   |c Children Collection   |e Cawangan Bandar Penawar 
999 |a 0000968696   |b Book   |c Children Collection   |e Cawangan Bukit Gambir 
999 |a 0000968708   |b Book   |c Children Collection   |e Cawangan Bandar Penawar 
999 |a 000906776   |b Book   |c Teenagers   |e Cawangan Bandar Tenggara